MyGZULibrary

Essential environment : (Record no. 905)

MARC details
000 -LEADER
fixed length control field 02326cam a2200397 i 4500
001 - CONTROL NUMBER
control field 20156742
003 - CONTROL NUMBER IDENTIFIER
control field GZU
005 - DATE AND TIME OF LATEST TRANSACTION
control field 20200916102204.0
008 - FIXED-LENGTH DATA ELEMENTS--GENERAL INFORMATION
fixed length control field 171025t20182019nyua b 001 0 eng c
010 ## - LIBRARY OF CONGRESS CONTROL NUMBER
LC control number 2017035269
020 ## - INTERNATIONAL STANDARD BOOK NUMBER
International Standard Book Number 9780132316170
020 ## - INTERNATIONAL STANDARD BOOK NUMBER
International Standard Book Number 0134714881 (student edition)
020 ## - INTERNATIONAL STANDARD BOOK NUMBER
International Standard Book Number 9780134818733 (books a la carte)
020 ## - INTERNATIONAL STANDARD BOOK NUMBER
International Standard Book Number 0134818733 (books a la carte)
040 ## - CATALOGING SOURCE
Original cataloging agency LBSOR/DLC
Language of cataloging eng
Transcribing agency LBSOR
Description conventions rda
Modifying agency DLC
042 ## - AUTHENTICATION CODE
Authentication code pcc
050 00 - LIBRARY OF CONGRESS CALL NUMBER
Classification number GE105
Item number WIT 2019
082 00 - DEWEY DECIMAL CLASSIFICATION NUMBER
Classification number 363.7
Edition number 23
100 1# - MAIN ENTRY--PERSONAL NAME
Personal name Withgott, Jay,
Relator term author.
245 10 - TITLE STATEMENT
Title Essential environment :
Remainder of title the science behind the stories /
Statement of responsibility, etc. Jay Withgott, Matthew Laposata.
250 ## - EDITION STATEMENT
Edition statement 6th edition.
264 #1 - PRODUCTION, PUBLICATION, DISTRIBUTION, MANUFACTURE, AND COPYRIGHT NOTICE
Place of production, publication, distribution, manufacture NY, NY :
Name of producer, publisher, distributor, manufacturer Pearson,
Date of production, publication, distribution, manufacture, or copyright notice [2019]
264 #4 - PRODUCTION, PUBLICATION, DISTRIBUTION, MANUFACTURE, AND COPYRIGHT NOTICE
Date of production, publication, distribution, manufacture, or copyright notice ©2019
300 ## - PHYSICAL DESCRIPTION
Extent 400p.
Other physical details color illustrations ;
Dimensions 28 cm
336 ## - CONTENT TYPE
Content type term text
Source rdacontent
337 ## - MEDIA TYPE
Media type term unmediated
Source rdamedia
338 ## - CARRIER TYPE
Carrier type term volume
Source rdacarrier
504 ## - BIBLIOGRAPHY, ETC. NOTE
Bibliography, etc. note Includes bibliographical references and index.
505 0# - FORMATTED CONTENTS NOTE
Formatted contents note Science and sustainability: an introduction to environmental science -- Environmental systems: matter, energy, and ecosystems -- Evolution, biodiversity, and population ecology -- Species interactions and community ecology -- Economics, policy, and sustainable development -- Human population -- Soil, agriculture, and the future of food -- Biodiversity and conservation biology -- Forests, forest management, and protected areas -- Environmental health and toxicology -- Geology, minerals, and mining -- Fresh water, oceans, and coasts -- Atmospheric science, air quality, and pollution control -- Global climate change.
520 ## - SUMMARY, ETC.
Summary, etc. "With this volume, we aim to meet the needs of instructors who favor a more succinct and afford-able book. We have distilled the most essential content from our full-length book, Environment: The Science behind the Stories, now in its sixth edition. We have streamlined our material, updated our coverage, and carefully crafted our writing to make Essential Environment every bit as readable, informative, and engaging as its parent volume" --
Assigning source Provided by publisher.
650 #0 - SUBJECT ADDED ENTRY--TOPICAL TERM
Topical term or geographic name entry element Environmental sciences.
700 1# - ADDED ENTRY--PERSONAL NAME
Personal name Laposata, Matthew,
Relator term author.
906 ## - LOCAL DATA ELEMENT F, LDF (RLIN)
a 7
b cbc
c orignew
d 1
e ecip
f 20
g y-gencatlg
942 ## - ADDED ENTRY ELEMENTS (KOHA)
Source of classification or shelving scheme Library of Congress Classification
Koha item type Books
Classification part 105
Item part WIT
Call number prefix GE
Holdings
Withdrawn status Lost status Damaged status Not for loan Collection code Home library Current library Shelving location Date acquired Total Checkouts Full call number Barcode Date last seen Copy number Price effective from Koha item type Source of acquisition Inventory number
        Non-fiction City Campus Library City Campus Library General Stacks 09/16/2020   GE 105 WIT 2009 G22893 09/16/2020 c.1 09/16/2020 Books    
        Non-fiction City Campus Library City Campus Library General Stacks 09/22/2020   GE105.WIT 2009 g22898 09/22/2020 c.2 09/22/2020 Books Purchase G22898